LEADER 02723 am 2200565 n 450 001 9910348247503321 005 20181114 010 $a2-7297-1111-2 024 7 $a10.4000/books.pul.5247 035 $a(CKB)4100000009763251 035 $a(FrMaCLE)OB-pul-5247 035 $a(oapen)https://directory.doabooks.org/handle/20.500.12854/55575 035 $a(PPN)241653525 035 $a(EXLCZ)994100000009763251 100 $a20191105j|||||||| ||| 0 101 0 $afre 135 $auu||||||m|||| 181 $ctxt$2rdacontent 182 $cc$2rdamedia 183 $acr$2rdacarrier 200 10$aPaix et communautés autour de l'abbaye de Cluny $eXe-XVe siècle /$fDidier Méhu 210 $aLyon $cPresses universitaires de Lyon$d2018 215 $a1 online resource (640 p.) 311 $a2-7297-0830-8 330 $aCluny, l'abbaye bénédictine la plus puissante du Moyen Âge est au c?ur d'un paradoxe. Retirés du monde pour se consacrer à la prière, les moines ne cessent d'agir sur le monde. Accumulant les donations des aristocrates soucieux de leur salut, ils deviennent de puissants seigneurs. Versés dans la méditation et la copie des textes anciens, ils pensent le monde et tentent de l'ordonner selon leur schéma idéal. Cela ne va pas toujours sans heurt. La Paix clunisienne doit se confronter au pouvoir des évêques, des seigneurs laïques et des communautés d'habitants. C'est le cas dans le bourg de Cluny. Défini comme un lieu d'asile, inviolable et soumis à la seule domination de l'abbé, il se développe aux portes du monastère à partir de l'an mil. Là les moines rêvent d'établir une communauté préfigurant la cité céleste, annulant toute attache charnelle au profit d'associations spirituelles dont ils sont les pivots. Le développement du commerce, la concurrence très forte des agents du roi dans le domaine de la justice et l'organisation des communautés paroissiales introduisent la discorde dans cette sphère voulue parfaite. 606 $aHistory 606 $aMedieval & Renaissance Studies 606 $aabbaye 606 $aÉglise 606 $ahistoire 606 $amonastère 606 $aMoyen Âge 610 $aÉglise 610 $aMoyen Âge 610 $ahistoire 610 $amonastère 610 $aabbaye 615 4$aHistory 615 4$aMedieval & Renaissance Studies 615 4$aabbaye 615 4$aÉglise 615 4$ahistoire 615 4$amonastère 615 4$aMoyen Âge 700 $aMéhu$b Didier$01299908 801 0$bFR-FrMaCLE 906 $aBOOK 912 $a9910348247503321 996 $aPaix et communautés autour de l'abbaye de Cluny$93026027 997 $aUNINA LEADER 01290nas 22004213a 450 001 996211971203316 005 20230222213018.0 011 $a1948-5697 035 $a(OCoLC)60616993 035 $a(CKB)111021048324072 035 $a(CONSER)--2009203387 035 $a(EXLCZ)99111021048324072 100 $a20050614a19929999 --- a 101 0 $aeng 135 $aur||||||||||| 181 $ctxt$2rdacontent 182 $cc$2rdamedia 183 $acr$2rdacarrier 200 10$aAutomatic merchandiser 210 $aFt. Atkinson, WI $cCygnus Business Media 300 $aPrint published: Fort Atkinson, WI : Johnson Hill Press, 311 $a1061-1797 517 1 $aCygnus automatic merchandiser 606 $aVending machines$vPeriodicals 606 $aVending machines industry$vPeriodicals 606 $aVending machines$2fast$3(OCoLC)fst01165139 606 $aVending machines industry$2fast$3(OCoLC)fst01165150 608 $aPeriodicals.$2fast 615 0$aVending machines 615 0$aVending machines industry 615 7$aVending machines. 615 7$aVending machines industry. 676 $a647.9573 676 $a338 906 $aJOURNAL 912 $a996211971203316 996 $aAutomatic merchandiser$92066904 997 $aUNISA LEADER 01864nas 2200433 n 450 001 990008947290403321 005 20240229084619.0 011 $a0391-1535 035 $a000894729 035 $aFED01000894729 035 $a(Aleph)000894729FED01 035 $a000894729 091 $2CNR$aP 00074799 100 $a20161109a19719999km-y0itaa50------ba 101 0 $aita 102 $aIT 110 $aauu-------- 200 1 $aCronache ercolanesi 207 1$a1971- 210 $aNapoli$cGaetano Macchiaroli Libraio Editore 326 $aAnnuale 530 0 $aCronache ercolanesi 675 $a931 675 $a8 675 $a930.2 712 02$aCentro internazionale per lo studio dei papiri ercolanesi 801 0$aIT$bACNP$c20090723 859 4 $uhttp://acnp.cib.unibo.it/cgi-ser/start/it/cnr/dc-p1.tcl?catno=48755&person=false&language=ITALIANO&libr=&libr_th=unina1$zBiblioteche che possiedono il periodico 901 $aSE 912 $a990008947290403321 958 $aBRAU. Biblioteca di Ricerca di Area Umanistica$b1971-1998;1998-$eITALIA 15$fFLFBC 958 $aBiblioteca Centralizzata. Facoltà di Architettura dell'Università Federico II$b1971-1990;1992-1993;$e1 - XI -3$fFARBC 959 $aFLFBC 959 $aFARBC 996 $aCronache ercolanesi$959933 997 $aUNINA AP1 8 $6866-01$aNA072 BRAU. Biblioteca di Ricerca di Area Umanistica$bITALIA 15$ePiazza Bellini 56/60, 80133 Napoli (NA)$m(081) 2533948$nit AP1 8 $6866-02$aNA088 Biblioteca Centralizzata. Facoltà di Architettura dell'Università Federico II$b1 - XI -3$eVia Monteoliveto,3. Palazzo Gravina, 80134 Napoli (NA)$m0812538081$m0812538023$nit AP2 40$aacnp.cib.unibo.it$nACNP Italian Union Catalogue of Serials$uhttp://acnp.cib.unibo.it/cgi-ser/start/it/cnr/df-p.tcl?catno=48755&language=ITALIANO&libr=&person=&B=1&libr_th=unina&proposto=NO